000 01038nam a22003137a 4500
001 382
003 FISKH
005 20240109085253.0
008 230330b cb ||||| |||| 00| 0 eng d
020 _a9780385739979
040 _aDLC
_cDLC
_dDLC
_dFISKH
_beng
042 _alcac
050 0 0 _aPZ7.P2843
_bMas 2010
082 0 0 _a813.54
_222
100 1 _aPaulsen, Gary.
245 1 0 _aMasters of disaster /
_cGary Paulsen.
260 _aNew York :
_bScholastic
_c2011
300 _a102 pages. ;
_c20 cm.
505 _az1
520 _aTwelve-year-old Henry's grand adventures spell disaster for best chums Riley and Reed, who always seems to land in a pile of "smelly goo."
521 8 _a1100
_bLexile NC
521 8 _az1
_bRaz-Plus
650 1 _aAdventure and adventurers
_vFiction.
650 1 _aFriendship
_vFiction.
650 1 _aHumorous stories.
906 _a7
_bcbc
_corignew
_d1
_eecip
_f20
_gy-gencatlg
942 _2ddc
_cBK
_n0
999 _c382
_d382